| 000 | 00618nam a22001937a 4500 | ||
|---|---|---|---|
| 003 | BD-DhJNU | ||
| 005 | 20250721061452.0 | ||
| 008 | 250721b |||||||| |||| 00| 0 eng d | ||
| 040 |
_aBD-DhJNU _bENG _cBD-DhJNU _dBD-DhJNU |
||
| 082 |
_223 _a320.973 WIA |
||
| 100 | _aWilson, Francis Graham | ||
| 245 |
_aThe American political mind : _ba textbook in political theory / _cFrancis Graham Wilson |
||
| 260 |
_aNew York : _bMcGraw-Hill Book Company, _c1949. |
||
| 300 |
_aix, 506p. : _bill. ; _c24 cm. |
||
| 504 | _aIncludes index | ||
| 650 | _aPolitics and Government | ||
| 650 | _aPolitical science | ||
| 942 |
_2ddc _cBK _n0 |
||
| 999 |
_c1923 _d1923 |
||